Los cuadernos del destierro /

Gespeichert in:
Bibliographische Detailangaben
1. Verfasser: Cadenas, Rafael. 1930-
Format: Unbekannt
Sprache:Spanish
Veröffentlicht: Caracas : Fundarte, 1979.
Schlagworte:
Tags: Tag hinzufügen
Keine Tags, Fügen Sie den ersten Tag hinzu!

MARC

LEADER 000000000a22000000004500
001 015284
041 0 |a spa 
082 0 4 |a V861.4   |b C122c 
100 1 |a Cadenas, Rafael.   |d 1930- 
245 1 4 |a Los cuadernos del destierro /   |c Rafael Cadenas. 
260 1 |a Caracas :   |b Fundarte,   |c 1979. 
300 |a 114 páginas ;   |c 16 cm. 
650 4 |a POESIA VENEZOLANA. 
500 |a Colección George Yúdice 
999 |c 21141  |d 21141 
942 |c BK  |h V861.4 C122c  |2 z